000 00258 a2200097 4500
001 42563
100 _aJohnson J.J
245 _athe role of the military in under developed countries
260 _aNew Jersey
_bPrinceton Univ press
_c
090 _c26473
_d26473
942 _aNUST-CAE
_cM
_c18306
999 _c277636
_d277636